Structure in building /

Bibliographic Details
Main Author: Cassie, W. Fisher (William Fisher), 1905-1985
Format: Book
Language:English
Published: London : Architectural Press, [1952]
Subjects:

MARC

Tag First Indicator Second Indicator Subfields
LEADER 00000cam a2200000 4500
001 in00000034502
005 20151007060735.0
008 750905s1952 enka 00010 eng
010 |a  52003897  
035 |a (OCoLC)01601503 
035 |9 AAD0029AM 
040 |a DLC  |c FQG  |d TXA  |d UtOrBLW 
049 |a TXAM  |c [215525] 
050 0 0 |a TH845  |b .C28 
082 0 |a *624.177 
092 |a 690  |b C345s 
100 1 |a Cassie, W. Fisher  |q (William Fisher),  |d 1905-1985. 
245 1 0 |a Structure in building /  |c by W. Fisher Cassie and J. H. Napper. With a foreword by W. A. Allen. 
264 1 |a London :  |b Architectural Press,  |c [1952] 
300 |a 266 pages :  |b illustrations ;  |c 23 cm. 
336 |a text  |b txt  |2 rdacontent 
337 |a unmediated  |b n  |2 rdamedia 
338 |a volume  |b nc  |2 rdacarrier 
650 0 |a Building. 
650 0 |a Structural analysis (Engineering) 
999 |a MARS 
999 f f |s 54785799-4be7-3861-8cb8-ccbf6dbe9dec  |i a3b31bb7-ae64-36dd-b0e0-2cb8ee004330  |t 0 
952 f f |p ric  |a Texas A&M University  |b Rellis Campus  |c Joint Library Facility  |d Remote Storage  |t 0  |e TH845 .C28  |h Library of Congress classification  |i unmediated -- volume  |m A14801138049 
998 f f |a TH845 .C28  |t 0  |l Remote Storage